000 02189nam a2200517 i 4500
001 25639
003 KOSZ 005
005 20210809105049.0
008 070922s1971 pl a f 001 0 pol
015 _aPB 1971/6849
040 _aWA N
_cWA N
_dKOSZ 005/RW
041 0 _apol
_beng
_brus
046 _k1967
080 _a911.3(-201)
080 _a33(-201)
080 _a711.4/.8
100 1 _aDziewoński, Kazimierz
_d(1910-1994)
_eAutor
245 1 0 _aBaza ekonomiczna i struktura funkcjonalna miast :
_bstudium rozwoju pojęć, metod i ich zastosowań / Kazimierz Dziewoński. Metody pośrednie identyfikacji i pomiaru / Marek Jerczyński.
246 1 5 _aÈkonomičeskaâ baza i funcjonal'naâ struktura gorodov.
246 1 5 _aIssledovanie rozwitiâ ponâtij, metodov i ih primeneniâ
246 1 5 _aKosvennye metody identifikacii i izmereniâ
250 _aWydanie 2, rozszerzone i uzupełnione.
260 _aWarszawa :
_bPaństwowe Wydawnictwo Naukowe,
_c1971.
300 _a181, [2] stron, [2] karty tablic :
_bilustracje, errata ;
_c24 cm.
336 _aTekst
_btxt
_2rdacontent
337 _aBez urządzenia pośredniczącego
_bn
_2rdamedia
338 _aWolumin
_bnc
_2rdacarrier
380 _aKsiążki
388 _a1901-2000
490 1 _aPrace Geograficzne / Instytut Geografii Polska Akademia Nauk;
_vnr 87.
500 _aPierwsza praca współwydana: Wydanie 2 rozszerzone i uzupełnione.
504 _aBibliografia na stronach 143-[159]. Indeks.
546 _aStreszczenie w języku angielskim, rosyjskim.
658 _aGeografia i nauki o Ziemi
658 _aGospodarka, ekonomia, finanse
658 _aSocjologia i społeczeństwo
651 4 _aPolska
650 4 _aGospodarka
650 4 _aMiasta
650 4 _aPlanowanie regionalne
700 1 2 _aJerczyński, Marek.
_tMetody pośrednie identyfikacji i pomiaru.
_eAutor
710 2 _aPaństwowe Wydawnictwo Naukowe
_4pbl.
830 0 _aPrace Geograficzne - Polska Akademia Nauk. Instytut Geografii
_vnr 87.
856 _uhttp://koha.tu.koszalin.pl/cgi-bin/koha/opac-detail.pl?biblionumber=25639
_yKatalog online BPK
942 _2UKD
_cKS
999 _c25639
_d25639